000 00313 a2200121 4500
001 59615
082 _a531.2 KHU
090 _c36487
_d36487
100 _aKhurmi R S
245 _aTEXTBOOK OF ENGINEERING MECHANICS (SI UNITS)
_brevised edition
260 _aNEW DELHI
_bCHAND &COMP
_c2007
300 _axii, 771 p.
942 _aNUST-CAE
_k531.2 KHU
999 _c294688
_d294688